000 00939nam a2200205 i 4500
001 167668
003 ES-MaACL
005 20230906213554.0
008 050728s1734 sp |||| | spa d
100 1 _aUn Ingenio de esta Corte.
_9165743
245 1 0 _aVino por lana y buelve trasquilado, en respuesta al Padre del Niño de Gomez Arias, a la defensa del Viage y manifiesto de difuntos, contra la crisis apologética /
_cpor Un Ingenio de esta Corte.
260 _aEn Madrid :
_bse hallará en la librería de Luis Gutierrez ...,
_c1734.
300 _a[12], 23 p. ;
_c14 cm.
530 _aDisponible en formato digital.
597 _aSign.: A-B8, C2.
597 _aPort. con orla tip.
600 1 4 _aArias, Gomez.
_9125699
852 _aES-MaACL
_jR-535(4)
_z- Enc. piel, no original de la época
_x Olim: G-518
856 _uhttps://bvpb.mcu.es/es/consulta/registro.do?id=577761
_zBiblioteca Virtual del Patrimonio Bibliográfico
999 _c167668
_d167668